|
|
|
|
| LEADER |
00000nab a2200000 a 4500 |
| 001 |
vtls000556035 |
| 003 |
SK-MaSNL |
| 005 |
20260304084944.0 |
| 008 |
250425c1995 xo 0 slo |
| 015 |
|
|
|a SNBRB19rr/mm-uuuuu
|
| 035 |
|
|
|a CL0556173
|
| 035 |
|
|
|a urn:nbn:sk:snk-abakwz
|
| 035 |
|
|
|a (urnnbn)urn:nbn:sk:snk:ar-00847j
|
| 035 |
|
|
|a (uuid)d4afc41d-793a-44fa-a8e1-30ed69ed44fc
|
| 040 |
|
|
|a SNKBUCL
|b slo
|c SNKBUCL
|e AACR2
|
| 041 |
0 |
|
|a slo
|
| 044 |
|
|
|a xo
|c SK
|
| 080 |
|
|
|a 39(437.6)(048)
|2 1981
|
| 100 |
1 |
|
|a Čukan, Jaroslav,
|d 1954-
|4 aut
|9 231615
|
| 245 |
1 |
0 |
|a Zveľadenie nedoceneného bohatstva
|c Jaroslav Čukan
|
| 650 |
0 |
7 |
|a národopis slovenský
|2 snkbucl
|9 950356
|
| 650 |
0 |
7 |
|a zvyky ľudové
|2 snkbucl
|9 553737
|
| 650 |
0 |
7 |
|a ľudové tradície
|2 snkbucl
|9 4960
|
| 655 |
|
7 |
|a články z novín a časopisov
|2 snkbucl
|9 267496
|
| 700 |
1 |
|
|a Leščák, Milan,
|d 1940-2022
|4 com
|9 104599
|
| 700 |
1 |
|
|a Feglová, Viera,
|d 1946-
|4 com
|9 183039
|
| 773 |
0 |
|
|t Literárny týždenník
|g Roč. 8, č. 21 (1995), s. 5
|x 0862-5999
|
| 787 |
0 |
8 |
|i Rec.:
|a Leščák, Milan
|t Pramene k tradičnej duchovnej kultúre Slovenska
|d Bratislava : Nadácia Prebudená pieseň, 1995
|
| 850 |
|
|
|a Slovenská národná knižnica
|
| 852 |
|
|
|a Slovenská národná knižnica
|
| 954 |
|
|
|a odborná, vedecká literatúra pôvodná (slovenská)
|2 lita
|
| 958 |
|
|
|a article14
|
| 958 |
|
|
|a RK
|
| 958 |
|
|
|a SK
|
| 958 |
|
|
|a OND
|
| 958 |
|
|
|a EUIPO
|
| 999 |
|
|
|c 2805785
|d 2807715
|